Представление документа в формате MARC21

Поле Инд. ПП Название Значение
Тип записи a
Библиографический уровень b
001 Контрольный номер RU/IS/BASE/283878107
005 Дата корректировки 20200522191259.9
008 Кодируемые данные 20081229
040 b Код языка каталог. rus
e Правила каталог. PSBO
041 0_ a Код языка текста rus
084 a Индекс другой классификации/Индекс ББК 60.524.224.026
100 1_ a Автор Жизневский И. Б.
245 10 a Заглавие Механизмы влияния средств массовой информации: приемы информационных воздействий
504 a Библиография Библиогр. ссылки
650 a Основная рубрика социология
653 a Ключевые слова воздействие средств массовой коммуникации
a Ключевые слова массовая информация
a Ключевые слова массовые коммуникации
a Ключевые слова средства массовой информации (СМИ)
773 t Заглавие источника Вестник Московского университета. Серия 18, Социология и политология
d Дата издания источника 2008
g Прочая информация № 1. - С. 174 - 176
w Контрольный № источника RU/IS/BASE/279889919
901 t Тип документа b